00481nam a2200157Ia 45000010006000000050017000060080041000230410008000640820022000721000053000942450121001472600009002683000030002776500008003076540008003151729920260306171507.0260306s9999||||xx |||||||||||||| ||und|| aESP a657.61bI61C 2019 aInternational Financial Reporting StandardseAUT 0aLas normas NIIF ilustradas parte C:bnormas emitidas al 1 de enero de 2019, reflejando cambios todavia no requeridos c2019 aC2752 páginas :c25 cm. aGEN aCCO